书目信息 |
| 题名: |
文化生态保护区理论与实践
|
|
| 作者: | 周建明 , 刘畅 著 | |
| 分册: | ||
| 出版信息: | 北京 中国建筑工业出版社 2016.09 |
|
| 页数: | 416页 | |
| 开本: | 26cm | |
| 丛书名: | ||
| 单 册: | ||
| 中图分类: | G112 | |
| 科图分类: | ||
| 主题词: | 文物保护区--研究 | |
| 电子资源: | ||
| ISBN: | 978-7-112-19513-8 | |
| 000 | 00907nam0 2200241 450 | |
| 001 | 0100004497 | |
| 005 | 20190305152307.32 | |
| 010 | @a978-7-112-19513-8@dCNY114.00 | |
| 100 | @a20161020d2016 em y0chiy50 ea | |
| 101 | 0 | @achi |
| 102 | @aCN@b110000 | |
| 105 | @aab z 000yy | |
| 200 | 1 | @a文化生态保护区理论与实践@Awen hua sheng tai bao hu qu li lun yu shi jian@f周建明,刘畅著 |
| 210 | @a北京@c中国建筑工业出版社@d2016.09 | |
| 215 | @a416页@c图,地图@d26cm | |
| 300 | @a国家自然科学基金资助项目:批准号:41571143 | |
| 330 | @a本书共分为五部分,其内容包括:文化生态保护区的概念与理论;文化生态保护区中的非物质文化遗产保护规划;文化生态系统保护规划;文化生态保护区管理与建设;文化生态保护区规划实践。 | |
| 606 | 0 | @a文物保护区@x研究 |
| 690 | @aG112@v5 | |
| 701 | 0 | @a周建明@Azhou jian ming@4著 |
| 701 | 0 | @a刘畅@Aliu chang@4著 |
| 801 | 0 | @aCN@c20171024 |
| 905 | @a河南城建学院图书馆@dG112@eZ774 | |
| 文化生态保护区理论与实践/周建明,刘畅著.-北京:中国建筑工业出版社,2016.09 |
| 416页:图,地图;26cm |
| 国家自然科学基金资助项目:批准号:41571143 |
| ISBN 978-7-112-19513-8:CNY114.00 |
| 本书共分为五部分,其内容包括:文化生态保护区的概念与理论;文化生态保护区中的非物质文化遗产保护规划;文化生态系统保护规划;文化生态保护区管理与建设;文化生态保护区规划实践。 |
| ● |
| 相关链接 |
|
|
|
正题名:文化生态保护区理论与实践
索取号:G112/Z774
 
预约/预借
| 序号 | 登录号 | 条形码 | 馆藏地/架位号 | 状态 | 备注 |
| 1 | 1304927 | 213049271 | 社科库409/409社科库 55排7列4层/ [索取号:G112/Z774] | 在馆 | |
| 2 | 1339240 | 213392407 | 社科库409/409社科库 55排7列4层/ [索取号:G112/Z774] | 在馆 |